banner-ar

PRINCIPLES AND TECHNIQUES OF PRACTICAL BIOCHEMISTRY / (Record no. 20170)

MARC details
000 -الفاتح
حقل البيانات ثابتة الطول 00461nam a2200169Ia 4500
008 - عناصر البيانات ثابتة الطول - معلومات عامة
حقل البيانات ثابتة الطول 140319s9999 xx 000 0 eng d
040 ## - مصدر الفهرسة
وكالة الفهرسة الأصلية GCL /
وكالة النسخ GCL
082 04 - رقم تصنيف ديوى العشرى
رقم التصنيف 574.192
رقم المادة W P
100 1# - المدخل الرئيسى - إسم شخصى
الإسم الشخصى WALKER,JOHN
245 10 - بيان العنوان
العنوان PRINCIPLES AND TECHNIQUES OF PRACTICAL BIOCHEMISTRY /
بيان المسئوليه,etc WALKER,JOHN
700 1# - المدخل الاضافى - اسم شخصى
الإسم الشخصى WILSON, KEITH
260 ## - PUBLICATION, DISTRIBUTION, ETC. (IMPRINT)
تاريخ النشر أو التوزيع 1993
300 ## - الوصف المادى
التعداد 586\P
650 04 - المدخل الاضافى بالموضوع-مصطلح موضوعى
مصطلح موضوعي BIOCHEMISTRY
942 ## - عناصر المدخل الإضافي( كوها)
مصدر التصنيف او مخطط الترفيف Dewey Decimal Classification
Koha [default] item type كتاب
260 ## - PUBLICATION, DISTRIBUTION, ETC. (IMPRINT)
-- [S.N] :
-- CAMBRIBGE UNIVERSITY PRESS ،
Holdings
حالة التراجع حالة الفقد حالة تلف ليس للاعارة المكان المؤقت الموقع الحالى تاريخ الاكتساب اجمالي اﻻعارات رقم الطلب الباركود تاريخ اخر مشاهدة تاريخ تفعيل السعر نوع وعاء كوها
        مكتبة القاهرة الكبرى مكتبة القاهرة الكبرى 03/26/2014   574.192\W P 37995 03/26/2014 03/26/2014 كتاب

Powered By

EGPV